Statistics for Countries and US States on the World Map by First Two Letters in 90 Seconds

Click here to take the quiz!

General Stats

  • This quiz has been taken 7,048 times
  • The average score is 162 of 246

Answer Stats

C/S % Correct
Canada
97%
Cameroon
97%
California
97%
Cape Verde
97%
Cambodia
97%
Democratic Republic
of the Congo
95%
Chile
94%
Chad
94%
China
94%
Montenegro
93%
Morocco
93%
Montana
93%
Monaco
93%
Mozambique
93%
Mongolia
93%
Moldova
93%
Albania
93%
Algeria
93%
Alabama
93%
Alaska
93%
Norway
92%
North Dakota
92%
North Korea
92%
North Carolina
92%
South Dakota
91%
South Korea
91%
South Sudan
91%
South Africa
91%
Russia
91%
Solomon Islands
91%
Somalia
91%
South Carolina
91%
Macedonia
90%
Indiana
90%
India
90%
Indonesia
90%
Madagascar
90%
Maine
90%
Malaysia
90%
Mali
90%
Mauritania
90%
Mauritius
90%
Mexico
90%
Massachusetts
90%
Maryland
90%
Malta
90%
Marshall Islands
90%
Maldives
90%
Malawi
90%
Arkansas
90%
Arizona
90%
Armenia
90%
Argentina
90%
Nevada
89%
Netherlands
89%
Brazil
89%
New Hampshire
89%
Nepal
89%
New York
89%
New Zealand
89%
Brunei
89%
New Mexico
89%
New Jersey
89%
Nebraska
89%
Austria
88%
Republic of the Congo
88%
Australia
88%
Cote d'Ivoire
87%
Connecticut
87%
Colombia
87%
Colorado
87%
Comoros
87%
Costa Rica
87%
Kansas
81%
Kazakhstan
81%
Ireland
81%
Iran
81%
Iraq
81%
France
81%
Georgia
81%
Georgia
81%
Germany
81%
Saint Vincent and the
Grenadines
80%
Saint Lucia
80%
Saint Kitts and Nevis
80%
Palau
79%
Panama
79%
Switzerland
79%
Saudi Arabia
79%
Sweden
79%
Pakistan
79%
São Tomé and Príncipe
79%
San Marino
79%
Swaziland
79%
Paraguay
79%
Samoa
79%
Papua New Guinea
79%
Portugal
78%
Peru
78%
Poland
78%
Pennsylvania
78%
United Kingdom
77%
United Arab Emirates
77%
United States
77%
Spain
77%
Denmark
76%
Delaware
76%
Lithuania
75%
Liechtenstein
75%
Finland
75%
Fiji
75%
Liberia
75%
Libya
75%
Tennessee
75%
Texas
75%
Federated States of
Micronesia
74%
Minnesota
72%
Missouri
72%
Michigan
72%
Mississippi
72%
Botswana
71%
Bolivia
71%
Tunisia
71%
Turkey
71%
Turkmenistan
71%
Bosnia and
Herzegovina
71%
Tuvalu
71%
Benin
70%
Belarus
70%
Belize
70%
Belgium
70%
Sudan
70%
Suriname
70%
Washington
66%
Egypt
66%
Venezuela
65%
Nicaragua
65%
Jamaica
65%
Niger
65%
Nigeria
65%
Japan
65%
Vermont
65%
Italy
63%
Angola
62%
Antigua and Barbuda
62%
Ukraine
62%
Andorra
62%
Myanmar
61%
Iceland
61%
Vietnam
60%
Virginia
60%
Latvia
59%
Laos
59%
Florida
58%
Bahamas
57%
Bahrain
57%
Kenya
57%
Bangladesh
57%
Kentucky
57%
Barbados
57%
Tanzania
56%
Namibia
56%
Nauru
56%
Tajikistan
56%
Taiwan
56%
Oman
55%
Guyana
54%
Guinea-Bissau
54%
Guinea
54%
Guatemala
54%
Oregon
54%
Bulgaria
53%
Yemen
53%
Burundi
53%
Burkina Faso
53%
Cuba
52%
Idaho
51%
Haiti
50%
Afghanistan
50%
Hawaii
50%
Senegal
49%
Seychelles
49%
Serbia
49%
Thailand
48%
Uruguay
47%
Ecuador
46%
Ethiopia
45%
Louisiana
45%
Romania
45%
Wisconsin
43%
Illinois
43%
Grenada
43%
Greece
43%
Utah
42%
Estonia
42%
Philippines
42%
Wyoming
41%
Lebanon
40%
Lesotho
40%
Dominica
39%
Dominican Republic
39%
Ohio
38%
Kyrgyzstan
38%
Uzbekistan
37%
Oklahoma
37%
Zambia
36%
Honduras
36%
Iowa
36%
West Virginia
36%
Eritrea
35%
Central African Republic
35%
Syria
34%
Slovakia
34%
Slovenia
34%
Sri Lanka
34%
Czech Republic
33%
Tonga
32%
Hungary
32%
Singapore
32%
Israel
32%
Zimbabwe
32%
Sierra Leone
32%
Croatia
32%
Togo
32%
Azerbaijan
31%
El Salvador
30%
Gabon
30%
Gambia
30%
Ghana
30%
Jordan
29%
Vatican City
29%
Vanuatu
29%
Kiribati
29%
Bhutan
28%
Kosovo
28%
Kuwait
26%
Luxembourg
25%
Djibouti
23%
Rwanda
23%
Qatar
22%
Uganda
21%
East Timor
20%
Cyprus
20%
Equatorial Guinea
19%
Rhode Island
18%
Trinidad and Tobago
14%

Score Distribution

Percentile by Number Answered

Percent of People with Each Score

Your Score History

You have not taken this quiz